00653nam a2200229 a 4500001001300000003000900013005001700022008004100039020000900080082001600089100002100105245004000126260003200166300000800198500003500206650001700241700002100258902000800279942000700287952011400294999001500408nice12345678IN_TiNIC20260116012238.0070621s1959 lona grp 000 0 eng  ac1000a220.44bSNA aSnaith, Norman H aNotes on the Hebrew Text of Genesis aLondon bNo Publisherc1959 a50p aincludes index and biblioraphy aBible-Hebrew1 aSnaith, Norman H bSRS cBK 001040708StackRoom-aHMIbHMId2008-05-26g10.00l0o220.44 SNAp09999r2008-05-26v10.00w2007-06-21yBK c6228d6228